| 000 | 01246nam2a2200253 4500 | ||
|---|---|---|---|
| 001 | RU\NLR\PER_A\011941974_000190 | ||
| 005 | 20250624015011.0 | ||
| 035 | _a(NLR Aleph) 012322125 | ||
| 090 |
_a11427485 _c11427485 |
||
| 100 | _a20200827d2020 |||y0rusy50 ca | ||
| 101 | 0 | _arus | |
| 102 | _aRU | ||
| 200 | 1 | _aНумизматика. История денег | |
| 210 |
_d2020 _aБ. м. |
||
| 461 | 0 |
_1001RU\NLR\BIBL_A\011941974 _12001#$aПознай мир истории$eпопулярная энциклопедия исторической науки$eжурнал$vВып. 10 _911096971 _cЧелябинск _d2018 - _nНепубличное акционерное общество распространения, обработки, сбора печати Челябинской области _oпопулярная энциклопедия исторической науки : журнал _tПознай мир истории _x2500-2945 _vВып. 10 |
|
| 606 | 1 |
_aНумизматика _91319116 _3RU\NLR\AUTH\66231832 |
|
| 606 | 1 |
_aДеньги _xИстория _9939364 _3RU\NLR\AUTH\66347352 |
|
| 686 | 1 | _aТ221(0) | |
| 686 | 1 | _aУ36(0)26-03 | |
| 852 |
_aNLR _jП23/9434 |
||
| 942 | _cISSUE | ||
| 980 | _aNB | ||
| 980 | _aRUSPER | ||